| 000 | 01161cam a2200349 a 4500 | ||
|---|---|---|---|
| 001 | 5915 | ||
| 003 | FISKH | ||
| 005 | 20250206151813.0 | ||
| 008 | 100903s2011 nyu c 000 1 eng | ||
| 010 | _a 2010032720 | ||
| 020 | _a9780545081757 (hardcover) | ||
| 020 | _a9780545081771 (pbk.) | ||
| 020 | _a9780545336130 | ||
| 040 |
_aDLC _cDLC _dDLC _beng |
||
| 050 | _aPZ7.S65766 S | ||
| 082 | _a813.6 | ||
| 100 | 1 |
_aSmith, Roland _d(1951-) |
|
| 245 | 1 | 0 |
_aStorm runners / _c Smith, Roland |
| 250 | _aThis edition first published in 2011 | ||
| 260 |
_aNew York : _bScholastic, _c2011. |
||
| 300 |
_a143 pages : _c20 cm |
||
| 505 | _aR | ||
| 520 | _aTwelve-year-old Chase Masters travels the country with his father, a "storm runner," but he is tested in ways he never could have imagined when he and a new friend are caught in a hurricane near St. Petersburg, Florida. | ||
| 521 | 8 |
_a700
_bLexile |
|
| 521 | 8 |
_aR
_bRaz-Plus |
|
| 650 | 1 |
_aHurricanes _vFiction. |
|
| 650 | 1 |
_aStorm chasers _vFiction. |
|
| 650 | 1 |
_aConduct of life _vFiction. |
|
| 906 |
_a7 _bcbc _corignew _d1 _eecip _f20 _gy-gencatlg |
||
| 942 |
_2ddc _cBK _n0 |
||
| 999 |
_c5915 _d5915 |
||